| 000 | 00451nam a2200157Ia 4500 | ||
|---|---|---|---|
| 008 | 190425s9999 xx 000 0 und d | ||
| 100 | _aRomero, Alexis | ||
| 245 | _aRody wants Masbate under land reform/ | ||
| 245 | _cAlexis Romero, Ed Amoroso | ||
| 260 | _bThe Philippine Star | ||
| 260 | _c2019 | ||
| 300 | _aPage 13, January 11 | ||
| 440 |
_aThe Philippine Star _v33: 168 |
||
| 650 | _acommunist insurgency | ||
| 650 | _aland reform (Masbate) | ||
| 999 |
_c361647 _d361647 |
||